| 000 | 00842 a2200169 4500 | ||
|---|---|---|---|
| 003 | Nust | ||
| 005 | 20230529111519.0 | ||
| 040 | _cNust | ||
| 082 | _a808.83,HUX | ||
| 100 |
_aHuxley, Aldous _946011 |
||
| 245 |
_aThe Olive Tree _cAldous Huxley |
||
| 260 |
_aLondon _bChatto And Windus |
||
| 300 | _a295;p | ||
| 505 | _aT.H Huxley as a literary man (Page-46), words and behavior (Page-82), Modern fetishism (Page-101), Literature and examination (Page-108), English snobbery (Page-117), Time and the machine (Page-122), New fashioned christms (Page-125), Historical generalizations (Page-129), Crebillon the younger (Page-135), Justification (Page-150), D.H Lawrence (Page-199), R.R haydon (Page-239), Waterworks and kings (Page-262), In a Tunisian oasis (Page-266), The olive tree (Page-287). | ||
| 650 |
_aNovel _92525 |
||
| 942 |
_2ddc _cBK |
||
| 999 |
_c186908 _d186908 |
||